logo

Bir Sreshtho Munshi Abdur Rouf Library
Jhenaidah Cadet College

গাঙচিল / (Record no. 14136)

MARC details
000 -LEADER
fixed length control field 00752nam a2200229 a 4500
001 - CONTROL NUMBER
JCCL Control Number 14136
003 - CONTROL NUMBER IDENTIFIER
JCCL marc code BD-JhCC
005 - DATE AND TIME OF LATEST TRANSACTION
control field 20250204083756.0
008 - FIXED-LENGTH DATA ELEMENTS--GENERAL INFORMATION
fixed length control field 171005b20112023b |||| ||a| 000 0 b d
020 ## - INTERNATIONAL STANDARD BOOK NUMBER
International Standard Book Number 9841801655
035 ## - SYSTEM CONTROL NUMBER
system control number (BD-JhCC) 14136
040 ## - CATALOGING SOURCE
Original cataloging agency BD-JhCC
Modifying agency BD-JhCC
041 ## - LANGUAGE CODE
Language code of Book ben
082 ## - DEWEY DECIMAL CLASSIFICATION NUMBER
Classification number 891.442
Author mark and Year CHE 2023
100 ## - MAIN ENTRY--PERSONAL NAME
Personal name শেখভ, আন্তন
245 ## - TITLE STATEMENT
Title গাঙচিল /
Statement of responsibility, etc আন্তনশেখভ,অনু:খায়রুল আলম সবুজ।
260 ## - PUBLICATION, DISTRIBUTION, ETC. (IMPRINT)
Place of publication, distribution, etc ঢাকা:
Name of publisher, distributor, etc বিশ্বসাহিত্য কেন্দ্র;
Date of publication, distribution, etc ২০২৩.
300 ## - PHYSICAL DESCRIPTION
Pagination ৭৯ p. :
Dimensions 22 cm.
650 ## - SUBJECT ADDED ENTRY--TOPICAL TERM
Topical term or geographic name as entry element Bengali Drama
700 ## - ADDED ENTRY--PERSONAL NAME
Personal name সবুজ, খায়রুল আলম
942 ## - ADDED ENTRY ELEMENTS (KOHA)
Source of classification or shelving scheme Dewey Decimal Classification
Koha item type Books
Holdings
Source of classification or shelving scheme Damaged status Not for loan Home library Current library Shelving location Date of accession Cost, normal purchase price Full call number Barcode Date last seen Copy number Method of acquisition Koha item type Currency
Dewey Decimal Classification     JCC Rouf Library JCC Rouf Library General Stacks   95.00 891.442 CHE 2023 19807 01/22/2025 C-1 Purchase Books BDT

JCC Library | Contacts | JCC Home

Last Update on 23 September 2017
Copyright @ 2017-2020 JCC Rouf Library
Rouf Library, Jhenidah Cadet College (JCC), Bangladesh